000 00269nam a22001217a 4500
008 170707b xxu||||| |||| 00| 0 eng d
041 _aeng
080 _a003
100 _a23
101 _aEMC
245 _aTHE WORLD BOOK ENCYCLOPEDIA
_cTOMAS.M
942 _2udc
_cBK
999 _c20097
_d20097